Nuevo testamento español e ingles : (Registro nro. 17485)
[ vista simple ]
| 000 -LEADER | |
|---|---|
| fixed length control field | 00977nam a2200265 4500 |
| 001 - CONTROL NUMBER | |
| control field | 0000018130 |
| 003 - CONTROL NUMBER IDENTIFIER | |
| control field | CO-CtgCURN |
| 005 - DATE AND TIME OF LATEST TRANSACTION | |
| control field | 20250331183922.0 |
| 007 - PHYSICAL DESCRIPTION FIXED FIELD--GENERAL INFORMATION | |
| fixed length control field | ta |
| 008 - FIXED-LENGTH DATA ELEMENTS--GENERAL INFORMATION | |
| fixed length control field | 160627s1960 000 0 eng d |
| 040 ## - CATALOGING SOURCE | |
| Original cataloging agency | CO-CtgCURN |
| Language of cataloging | spa |
| Transcribing agency | coctgcurn |
| 082 0# - DEWEY DECIMAL CLASSIFICATION NUMBER | |
| Classification number | 225.56 |
| Item number | B41n |
| 245 00 - TITLE STATEMENT | |
| Title | Nuevo testamento español e ingles : |
| Remainder of title | Biblico. |
| 260 ## - PUBLICATION, DISTRIBUTION, ETC. | |
| Place of publication, distribution, etc. | Pennsilvanya, |
| Date of publication, distribution, etc. | 1960. |
| 300 ## - PHYSICAL DESCRIPTION | |
| Extent | 468 p. |
| 336 ## - CONTENT TYPE | |
| Source | rdacontent |
| 337 ## - MEDIA TYPE | |
| Source | rdamedia |
| Media type term | sin mediacion |
| Media type code | n |
| 338 ## - CARRIER TYPE | |
| Source | rdacarrier |
| Carrier type term | volumen |
| Carrier type code | nc |
| 500 ## - GENERAL NOTE | |
| General note | Incluye lecturas recomendadas. |
| 505 8# - FORMATTED CONTENTS NOTE | |
| Formatted contents note | La justicia de la fe.--La ley real.--El sermon del monte.--La regla de oro.--El camino de la salvacion.--Paz en tiempo de ansiedad.--Valor en tiempo de miedo.--En tiempo de cansancio.--En tiempo de tentacion.--En tiempo de gratitud |
| 650 14 - SUBJECT ADDED ENTRY--TOPICAL TERM | |
| Topical term or geographic name entry element | Texto españo |
| Form subdivision | Ingles. |
| 908 ## - PUT COMMAND PARAMETER (RLIN) | |
| Put command parameter | 160627 |
| 942 ## - ADDED ENTRY ELEMENTS (KOHA) | |
| Koha item type | Libros |
| Classification part | 225.56 |
| Item part | B41n |
| Source of classification or shelving scheme | Dewey Decimal Classification |
| Withdrawn status | Lost status | Source of classification or shelving scheme | Damaged status | Not for loan | Collection | Home library | Current library | Shelving location | Date acquired | Inventory number | Total checkouts | Full call number | Barcode | Date last seen | Price effective from | Koha item type | Public note |
|---|---|---|---|---|---|---|---|---|---|---|---|---|---|---|---|---|---|
| Dewey Decimal Classification | General | Miguel Henríquez Castañeda | Miguel Henríquez Castañeda | General | 03/31/2025 | 002397 | 225.56 B41n | 002397 | 03/31/2025 | 03/31/2025 | Libros | 220-L.BIBL |